000 00527nam a2200181 a 4500
001 909
003 CO-ViMGA
008 141112s2004 ck r 000 u spa d
040 _aCO-ViMGA
_bspa
_cCO-ViMGA
082 0 4 _aBr 863 C835
245 1 0 _aCuentos brasileños del siglo XIX
260 _aSantafé de Bogotá :
_bNorma,
_c1992
300 _a217, 77 p
490 _aCara y cruz
500 _aEncuadernado con A propósito de los cuentos brasileños del siglo XIX.
650 1 4 _aCUENTOS BRASILEÑOS
_94907
942 _2ddc
_cBK
999 _c13137
_d13137